| 000 | 00000nam##2200000za#4500 |
| 001 | 9.676697 |
| 003 | CaOODSP |
| 005 | 20210927150415 |
| 007 | cr ||||||||||| |
| 008 | 150407|1999||||xxc|||||o f|0| 0 eng|d |
| 040 | |aCaOODSP|beng |
| 041 | |aeng |
| 041 | |afre |
| 043 | |an-cn--- |
| 086 | 1 |aR32-216/2000-PDF |
| 110 | 1 |aCanada. |bIndian and Northern Affairs Canada. |
| 245 | 10|aNunavut / |h[electronic resource]|c[photo] source: Hans Blohm and Tessa Macintosh. |
| 260 | |aOttawa - Ontario : |bIndian and Northern Affairs |c[1999]. |
| 300 | |a4p.|bcoloured figs., photographs |
| 500 | |a"On April 1, 1999, Canadians will turn their eyes to the north to witness a nation-building event--the creation of a new territory, Nunavut"--p.1 of 4. |
| 546 | |aText in English, French and Inuktitut. |
| 590 | |a13-23-Supp|b2013-10-08 |
| 690 | 07|aNorthern Canada|2gcpds |
| 690 | 07|aSelf government|2gcpds |
| 792 | |tNunavut / |efre|w(CaOODSP)9.676698 |
| 856 | 40|ahttp://publications.gc.ca|qPDF|s504 KB|uhttps://publications.gc.ca/collections/Collection/R32-216-2000.pdf |